• 首页
  • 本馆介绍
  • 公告通知
  • 最新文献
  • 馆藏检索
  • 电子资源
  • 读者导购
  • 参考咨询
  • 我的图书馆
  • 登录
  • 详细信息显示
  • 放入我的书架
  • 预约/预借图书
  • 作者相关作品
  • 分类相关作品
  • 丛书相关作品
  • 出版社相关作品

书目信息

  • 表格格式
  • 工作单格式
  • 卡片格式
题名:
黄秋葵种质资源图册
    
 
作者: 洪建基
分册:  
出版信息: 北京   中国农业出版社  2018
页数: 104页
开本: 26cm
丛书名:
单 册:
中图分类: S649-64
科图分类:
主题词: 黄秋葵--Huang Qiu Kui--种质资源--图集
电子资源:
ISBN: 978-7-109-23484-0
000 00908nam0 2200241 450
001 012001000527
005 20140106111237.0
010    @a978-7-109-23484-0@dCNY100.00
099    @aCAL 012018118378
100    @a20180209d2018 em y0chiy50 ea
101 0  @achi
102    @aCN@b110000
105    @aa z 000yy
106    @ar
200 1  @a黄秋葵种质资源图册@AHuang Qiu Kui Zhong Zhi Zi Yuan Tu Ce@f洪建基, 余文权, 赖正锋主编
210    @a北京@c中国农业出版社@d2018
215    @a104页@c彩图@d26cm
330    @a本书介绍了100份来自世界各地黄秋葵种质资源的形态学特征、生物学特性、品质特性、割茎再生性和抗逆性,每份资源还配以全株、茎、叶、花、果实、种子等图片,图文并茂,对黄秋葵种质资源鉴别与品种选 育具有指导意义。
606 0  @a黄秋葵@AHuang Qiu Kui@x种质资源@j图集
690    @aS649-64@v5
701  0 @a洪建基@AHong Jian Ji
801  0 @aCN@b北京卓展文化@c20191020
905    @b1200585-7@dS649-64@e507@f3
    
    黄秋葵种质资源图册/洪建基, 余文权, 赖正锋主编.-北京:中国农业出版社,2018
    104页:彩图;26cm
    
    
    ISBN 978-7-109-23484-0:CNY100.00
    本书介绍了100份来自世界各地黄秋葵种质资源的形态学特征、生物学特性、品质特性、割茎再生性和抗逆性,每份资源还配以全株、茎、叶、花、果实、种子等图片,图文并茂,对黄秋葵种质资源鉴别与品种选 育具有指导意义。
●
相关链接 在E读中查询图书 在五车中查询图书 在当当中查询图书 在豆瓣中查询图书


正题名:黄秋葵种质资源图册     索取号:S649-64/507         预约/预借

序号 登录号 条形码 馆藏地/架位号 状态 备注
1 1200585   212005854   第二样本阅览室/ [索取号:S649-64/507] 在馆    
2 1200586   212005863   第三借阅区/ [索取号:S649-64/507] 在馆    
3 1200587   212005872   第三借阅区/ [索取号:S649-64/507] 在馆    
唐山师范学院图书馆 欢迎您!
大连网信软件有限公司© 版权所有